Inteligencia relacional: Una mejor manera de vivir y convivir

Uloženo v:
Podrobná bibliografie
Hlavní autor: García Aguilera, Jaime (Autor)
Médium: Kniha
Jazyk:španělština
Vydáno: Santiago Ediciones B 2017
Vydání:11a. ed
Témata:
Tagy: Přidat tag
Žádné tagy, Buďte první, kdo vytvoří štítek k tomuto záznamu!

MARC

LEADER 00000cam a2200000 a 4500
001 UCC4202
003 CL-VaPUC
008 180720e20170000cl |||||||||||||||||spa|d
020 |a 9789563042641 
082 0 4 |a 152.4  |b GAR  |2 21 
100 |a García Aguilera, Jaime  |e author  |9 572214 
245 1 0 |a Inteligencia relacional: Una mejor manera de vivir y convivir 
250 |a 11a. ed 
300 |a 173 p 
942 |c BK 
945 |d 20180720 14:27:00  |a dcastane 
260 |a Santiago  |b Ediciones B  |c 2017 
650 0 |a Emociones   |9 265224 
650 0 |a Inteligencia emocional  |9 430453 
650 0 |a Autoestima  |9 308492 
650 0 |a Psicología fisiológica  |9 309849 
583 |a last modification  |c 20180720 14:27:00  |k Rodrigo Vera 
999 |c 371755  |d 371753 
952 |0 0  |1 0  |3 erb  |4 0  |6 152_400000000000000_GAR_2017  |7 0  |8 A  |9 488920  |a BIBGIM  |b BIBGIM  |i 5482267  |o 152.4 GAR 2017  |p 5482267  |r 2019-11-24  |w 2019-11-24  |y BK  |z Catalogado en:20180720  |k COM 
952 |0 0  |1 0  |3 erb  |4 0  |6 152_400000000000000_GAR_2017  |7 0  |8 A  |9 488921  |a BIBGIM  |b BIBGIM  |i 5482259  |l 2  |o 152.4 GAR 2017  |p 5482259  |r 2025-01-15  |s 2023-09-29  |w 2019-11-24  |y BK  |z Catalogado en:20180720  |k COM 
952 |0 0  |1 0  |3 erb  |4 0  |6 152_400000000000000_GAR_2017  |7 0  |8 A  |9 488922  |a BIBGIM  |b BIBGIM  |i 5482240  |o 152.4 GAR 2017  |p 5482240  |r 2025-01-15  |w 2019-11-24  |y BK  |z Catalogado en:20180720  |k COM 
952 |0 0  |1 0  |3 erb  |4 0  |6 152_400000000000000_GAR_2017  |7 0  |8 A  |9 488923  |a BIBGIM  |b BIBGIM  |i 5482232  |o 152.4 GAR 2017  |p 5482232  |r 2025-01-15  |w 2019-11-24  |y BK  |z Catalogado en:20180720  |k COM 
952 |0 0  |1 0  |3 erb  |4 0  |6 152_400000000000000_GAR_2017  |7 0  |8 A  |9 488924  |a BIBGIM  |b BIBGIM  |i 5482224  |o 152.4 GAR 2017  |p 5482224  |r 2025-01-15  |w 2019-11-24  |y BK  |z Catalogado en:20180720  |k COM